96 Départements, 96 Villes Françaises (2) - Statistiques

Statistiques générales
  • Ce quiz a été pris 67 fois
  • Le résultat moyen est 40 sur 96
Statistiques - réponses
Ville Département % Correct
Paris Paris
92%
Douarnenez Finistère
75%
Île Rousse Haute-Corse
73%
Bayeux Calvados
71%
Mimizan Landes
68%
Blaye Gironde
66%
Bagnères-de-Bigorre Hautes-Pyrénées
66%
Tignes Savoie
64%
Chateau-Thierry Aisne
63%
Vienne Isère
61%
Gonesse Val-d'Oise
58%
Cluses Haute-Savoie
56%
Issoire Puy-de-Dôme
56%
Nantua Ain
54%
Obernai Bas-Rhin
54%
Sartène Corse-du-Sud
54%
Saint-Gaudens Haute-Garonne
54%
Carquefou Loire-Atlantique
54%
Vallon-Pont-d'Arc Ardèche
53%
Aubusson Creuse
51%
Parthenay Deux-Sèvres
51%
Dourdan Essonne
51%
Pont-à-Mousson Meurthe-et-Moselle
51%
Woippy Moselle
51%
Autun Saône-et-Loire
51%
Neuilly-Plaisance Seine-Saint-Denis
51%
Sorgues Vaucluse
51%
Redon Ille-et-Vilaine
49%
Saint-Pierre-des-Corps Indre-et-Loire
49%
Gaillac Tarn
49%
Vitry-le-François Marne
47%
Confolens Charente
46%
Fontenay-aux-Roses Hauts-de-Seine
46%
Le Vigan Gard
44%
Montmorillon Vienne
44%
Vallauris Alpes-Maritimes
42%
Romilly-sur-Seine Aube
42%
Loudéac Côtes-d'Armor
42%
Gisors Eure
42%
Gien Loiret
42%
Fourmies Nord
42%
Moissac Tarn-et-Garonne
42%
Saint-Hilaire-de-Riez Vendée
42%
Yssingeaux Haute-Loire
41%
Nérac Lot-et-Garonne
41%
Auray Morbihan
41%
Wimereux Pas-de-Calais
41%
Tonnerre Yonne
41%
Bouc-Bel-Air Bouches-du-Rhône
39%
Mirande Gers
39%
Rochechouart Haute-Vienne
39%
Champagnole Jura
39%
Clamecy Nièvre
39%
Neufchâteau Vosges
39%
Nontron Dordogne
37%
Saint-Cirq-Lapopie Lot
37%
Méru Oise
37%
Tarare Rhône
37%
Mamers Sarthe
37%
Houdan Yvelines
37%
Ax-les-Thermes Ariège
36%
Gruissan Aude
36%
Riom-ès-Montagnes Cantal
36%
Collonges-la-Rouge Corrèze
36%
Firminy Loire
36%
Chenôve Côte-d'Or
34%
Mauguio Hérault
34%
Urrugne Pyrénées-Atlantiques
34%
Le Boulou Pyrénées-Orientales
34%
Saint-Pourçain-sur-Sioule Allier
32%
Baume-les-Dames Doubs
32%
Crest Drôme
32%
Carentan-les-Marais Manche
32%
Limeil-Brévannes Val-de-Marne
32%
Onet-le-Château Aveyron
31%
Les Ponts-de-Cé Maine-et-Loire
31%
Nangis Seine-et-Marne
31%
Givet Ardennes
29%
Héricourt Haute-Saône
29%
Déols Indre
29%
Saint-Chély-d'Apcher Lozère
27%
Corbie Somme
27%
Salbris Loir-et-Cher
25%
Lucé Eure-et-Loir
24%
Ernée Mayenne
24%
La Ferté-Macé Orne
24%
Oraison Alpes-de-Haute-Provence
22%
Tallard Hautes-Alpes
22%
Cernay Haut-Rhin
22%
Vidauban Var
22%
Mehun-sur-Yèvre Cher
20%
Saint-Mihiel Meuse
20%
Oissel Seine-Maritime
20%
Gémozac Charente-Maritime
19%
Bourbonne-les-Bains Haute-Marne
19%
Danjoutin Territoire-de-Belfort
17%
Aucun quiz correspondant
Distribution des résultats
% des personnes avec chaque résultat
Percentile par nombre de réponses
Votre historique - résultats
Vous n’avez pas pris ce quiz